000 00562 a2200217 4500
001 112670
020 _a1557091390
041 _apor
090 _aP Year 1 [E]
250 _aFacisim. ed.
300 _a[32] p.
697 _aReindeer - Fiction.
697 _aChristmas - Fiction
697 _aStories in rhyme.
856 _u000021/000021ff.jpg
040 _aBR-BrIDEA
_cBR-BrIDEA
100 _aMay, Robert Lewis
_d1905
245 1 0 _aRudolph the red-nosed reindeer
_c Robert Lewis May
260 _a[S.l.]
_bApplewood/Globe Pequot
_c1967
942 _cBK
999 _c112670
_d112670